[Event "Backa Topola-ch"]
[Site "Backa Topola"]
[Date "2012.11.30"]
[Round "6"]
[White "Holobica, Laszlo"]
[Black "Matko, Zeljko"]
[Result "0-1"]
[WhiteElo "1692"]
[BlackElo "1989"]
[PlyCount "34"]
[EventDate "2012.11.19"]
[EventType "swiss"]
[EventRounds "9"]
[EventCountry "SRB"]
[SourceTitle "EXT 2014"]
[Source "ChessBase"]
[SourceDate "2013.11.20"]
[SourceVersion "1"]
[SourceVersionDate "2013.11.20"]
[SourceQuality "1"]

1. e4 c5 2. Nf3 d6 3. c3 Nc6 4. d4 cxd4 5. cxd4 Bg4 6. Be2 Nf6 7. Nc3 a6 8. 0-0 Bxf3 9. Bxf3 e5 10. dxe5 dxe5 11. Qa4 b5 12. Qc2 Nd4 13. Qd3 Be7 14. Rd1 0-0 15. Ne2 Nxf3+ 16. gxf3 Qc8 17. f4 Rd8 0-1